000 00346nam a2200097Ia 4500
082 _aEKF ADAM
245 0 _aTake charge in times of challenge : learn to lead when life lessons seems dark, difficult and dismal
100 _a Molapo, David Cape Town, [South Africa], 2013
_949368
942 _cBK
008 210817s9999 xx 000 0 und d
999 _c276921
_d276920